000 00748nam a2200229Ia 4500
001 15003
003 GE_BSU
008 181216s||||||||xx |||||||||||||| ||und||
040 _cGE_BSU
080 _a82-93:821.353.1-32
100 _aქიაჩელი,ლეო
245 _aხეთიანის საიდუმლოება
245 _bმოთხრობა
245 _cრედ.თ.აბაშმაძე. მხატვ. ვლ.ავალიანი
260 _aთბილისი
260 _bსაბლიტგამი
260 _c1949
300 _a48გვ.20სმ.
653 _aმოთხრობა
653 _aხეთიანის საიდუმლოება
942 _cBK
999 _c48122
_d48122